LEADER 01503nam 2200337Ia 450 001 996383932903316 005 20200824132628.0 035 $a(CKB)1000000000595787 035 $a(EEBO)2264215844 035 $a(OCoLC)ocm12609805e 035 $a(OCoLC)12609805 035 $a(EXLCZ)991000000000595787 100 $a19850927d1650 uy | 101 0 $aeng 135 $aurbn||||a|bb| 200 10$aAnnotations upon all the New Testament philologicall and theologicall$b[electronic resource] $ewherein the emphasis and elegancie of the Greeke is observed, some imperfections in our translation are discovered, divers Jewish rites and customes tending to illustrate the text are mentioned, many antilogies and seeming contradictions reconciled, severall darke and obscure places opened, sundry passages vindicated from the false glosses of papists and hereticks /$fby Edward Leigh .. 210 $aLondon $cPrinted by W.W. and E. G. for William Lee, and are to be sold at his shop ...$d1650 215 $a[10], 628, [12] p 300 $aReproduction of original in Union Theological Seminary Library, New York. 300 $aErrata: p. [12] 300 $aIndex: p. [1]-[12] at end. 330 $aeebo-0160 700 $aLeigh$b Edward$f1602-1671.$0792090 801 0$bEAA 801 1$bEAA 801 2$bm/c 801 2$bWaOLN 906 $aBOOK 912 $a996383932903316 996 $aAnnotations upon all the New Testament philologicall and theologicall$92425008 997 $aUNISA LEADER 01113nam a2200265 i 4500 001 991000776559707536 008 050124s1993 sp b 000 0 spa 020 $a8447001717 035 $ab13271234-39ule_inst 040 $aDip.to Studi Giuridici$bita 082 0 $a342.40 100 1 $aCarrillo, Marc$0329598 245 13$aLa clausula de conciencia y el secreto profesional de los periodistas :$buna aproximacion al estatuto juridico de los profesionales de la informacion /$cMarc Carrillo ; prologo de Luis Lopez Guerra 250 $a1. ed 260 $aMadrid, Espaäna :$bEditorial Civitas,$c1993 300 $a242 p. ;$c18 cm 440 0$aCuadernos Civitas 504 $aInclude riferimenti bibliografici (p. 233-242) 650 4$aDoiritto costituzionale 907 $a.b13271234$b02-04-14$c25-01-05 912 $a991000776559707536 945 $aLE027 342.40 CAR02.01$g1$lle027$o-$pE17.75$q-$rl$s- $t0$u0$v0$w0$x0$y.i13991176$z25-01-05 996 $aClausula de conciencia y el secreto profesional de los periodistas$91107778 997 $aUNISALENTO 998 $ale027$b25-01-05$cm$da $e-$fspa$gsp $h3$i0